| 000 | 00000nam##2200000za#4500 |
| 001 | 9.635952 |
| 003 | CaOODSP |
| 005 | 20210624220513 |
| 007 | cr ||||||||||| |
| 008 | 150407|2008||||xxc|||||o f|0| 0 fre|d |
| 020 | |a978-1-100-90373-6 |
| 040 | |aCaOODSP|bfre |
| 043 | |an-cn--- |
| 086 | 1 |aX9-31/2008F-PDF |
| 110 | 1 |aCanada. |bParlement. |bChambre des communes. |
| 245 | 10|aGuide des témoins comparaissant devant un comité de la Chambre des communes / |h[ressource électronique]|cproduit par les Services de la procédure de la Chambre des communes. |
| 260 | |aOttawa - Ontario : |bChambre des communes |cOctobre 2008. |
| 300 | |a16p. |
| 500 | |aLe n° de catalogue (X9-31/2008) et l’ISBN (978-0-662-06367-4) de l'édition imprimée bilingue ont été incorrectement copiés dans la version PDF. |
| 590 | |a10-09-Supp|b2010-11-02 |
| 691 | 07|aCommission parlementaire|2gcpds |
| 775 | 08|tA guide for witnesses appearing before committees of the House of Commons / |w(CaOODSP)9.691626 |
| 856 | 40|ahttp://publications.gc.ca|qPDF|s7103 Ko|uhttps://publications.gc.ca/collections/collection_2010/parl/X9-31-2008-fra.pdf |